000 00378 a2200169 4500
001 183067
020 _a85-00-00396-0
040 _cMagnum
100 _aScliar, Moacyr
240 1 0 _aOs contistas e outras historias
_lpor
245 1 0 _aOs contistas e outras historias
300 _a109
362 0 _a1997
440 1 _aEdiouro
697 _aLITERATURA GERAL
942 _cBK
999 _c183067
_d183067